MARC

LEADER 00000nam0a2200000 4500
001 337537
005 20231102004948.0
035 |a (RuTPU)RU\TPU\book\364025 
090 |a 337537 
100 |a 20171108d1964 km y0rusy50 ca 
101 0 |a rus 
102 |a RU 
105 |a a z 001zy 
200 1 |a Вероятностные методы оценки прочности и деформируемости горных пород  |f К. В. Руппенейт, М. А. Долгих, В. В. Матвиенко  |g Научно-исследовательский институт оснований и подземных сооружений 
210 |a Москва  |c Стройиздат  |d 1964 
215 |a 83 с.  |c ил. 
320 |a Библиогр.: с. 80-82 
606 1 |a Горные породы  |x Деформация  |2 stltpush  |3 (RuTPU)RU\TPU\subj\7954 
610 1 |a деформируемость 
610 1 |a деформируемость 
610 1 |a прочность 
610 1 |a оценка 
610 1 |a вероятностные методы 
610 1 |a обработка результатов 
610 1 |a экспериментальные исследования 
610 1 |a лабораторные методы 
610 1 |a механические свойства 
675 |a 622.02:539.2/.9  |v 4 
700 1 |a Руппенейт  |b К. В.  |g Константин Владимирович 
701 1 |a Долгих  |b М. А. 
701 1 |a Матвиенко  |b В. В. 
712 0 2 |a Научно-исследовательский институт оснований и подземных сооружений  |2 stltpush  |3 (RuTPU)RU\TPU\col\8271  |9 24507 
801 1 |a RU  |b 63413507  |c 20171108 
801 2 |a RU  |b 63413507  |c 20201110  |g RCR 
942 |c BK